000
00308nam a2200121Ia 4500
005
20251222154401.0
008
251222s9999||||xx |||||||||||||| ||spa||
020
_a
978-958-917-211-7
082
_a
720.105/M29
100
_a
"Maury Montenegro, Marcel Antonio"
245
0
_a
La esencia del érbol
942
_c
LIB
999
_c
35283
_d
35283